[Event "BCF-ch Week2 PM op"]
[Site "Coventry"]
[Date "2015.08.03"]
[Round "1"]
[White "O'Brien, Ray"]
[Black "Gelip, Ioana"]
[Result "0-1"]
[WhiteElo "1685"]
[BlackElo "2155"]
[PlyCount "38"]
[EventDate "2015.08.03"]
[EventType "swiss"]
[EventRounds "5"]
[EventCountry "ENG"]
[SourceTitle "CBM 167 Extra"]
[Source "ChessBase"]
[SourceDate "2015.09.14"]
[SourceVersion "1"]
[SourceVersionDate "2015.09.14"]
[SourceQuality "1"]

1. e4 e6 2. d4 d5 3. Nd2 c5 4. c3 dxe4 5. Nxe4 cxd4 6. cxd4 Bb4+ 7. Nc3 Nc6 8. Nf3 Nf6 9. Bd3 Qa5 10. Bd2 Qb6 11. a3 Bd6 12. Nb5 Bb8 13. 0-0 a6 14. Nc3 Nxd4 15. Be3 Nxf3+ 16. Qxf3 Qd6 17. g3 Qxd3 18. Rfd1 Qf5 19. Qg2 Ng4 0-1